000 00923cab a2200325 4500
001 ABS57722
008 090401t1997 xxu||||| |||| 00| 0 eng d
035 _a(Sirsi) u81217
041 _aeng
245 _aFocus `97: West Midlands
260 _c1997
350 _a0
490 _aEstates Gazette
_v(9739) 27 September 1997, 99-165(23)
650 _aM6 TOLL
650 _aBIRMINGHAM
650 _aBLACK COUNTRY
650 _aCOVENTRY
650 _aINDUSTRIAL MARKET
650 _aLEISURE MARKET
650 _aM6
650 _aPROPERTY-COMMERCIAL PROPERTY-OFFICE PROPERTY-OFFICE PROPERTY MARKET
650 _aPROPERTY-COMMERCIAL PROPERTY-RETAIL PROPERTY-RETAIL PROPERTY MARKET
650 _aSOLIHULL
650 _aSUTTON COLDFIELD
650 _aWEST MIDLANDS
650 _aWOLVERHAMPTON
690 _aPROPERTY-COMMERCIAL PROPERTY-COMMERCIAL PROPERTY MARKET
942 _n0
948 _c02/10/1997
999 _c51183
_d51183